Kuvavisa: Pohjois-Amerikan suurimmat Y:llä alkavat kaupungit - Statistics

Yleistilastot
  • Tätä visaa on pelattu 8 kertaa
  • Keskiarvotulos 4 / 16
Vastaustilastot
Kuvavisa Hint Vastaus % Oikein
🇺🇸 45 000 York
71%
🇺🇸 59 000 {Youngs}town
57%
🇺🇸 208 000 Yonkers
43%
🇺🇸 101 000 Yuma
43%
🇺🇸 66 000 {Yorba} Linda
29%
🇭🇳 27 000 Yoro
29%
🇺🇸 69 000 Yuba City
29%
🇺🇸 26 000 Yukon
29%
🇩🇴 35 000 Yaguate
14%
🇺🇸 97 000 Yakima
14%
🇺🇸 25 000 Yorkville
14%
🇩🇴 32 000 Yamasá
0%
🇲🇽 44 000 {Yautepec} de Zaragoza
0%
🇺🇸 54 000 Yucaipa
0%
🇲🇽 27 000 Yurécuaro
0%
🇲🇽 26 000 Yuriria
0%
Ehtoja vastaavia visoja ei löytynyt
Tulosjakauma
Jokaisen tuloksen saaneiden osuus
Persentiili vastausten määrän mukaan
Tuloshistoriasi
Et ole pelannut tätä visaa